| 000 | 00488nam a22001697a 4500 | ||
|---|---|---|---|
| 005 | 20240530110859.0 | ||
| 008 | 220125s1926 rf g 000 0 eng d | ||
| 040 |
_aEG-CaGPL _cEG-CaGPL |
||
| 082 | 0 | 4 |
_221 _a103/ _bL V |
| 100 | 1 | _alalande,Andre | |
| 245 | 1 | 0 |
_aVocabulaire technique et critique de la philosophie/ _cAndre lalande |
| 260 |
_aparis _bQuadrige, _c1962. |
||
| 300 |
_a664 p. ; _c19 cm. |
||
| 650 | 0 | 7 |
_2qrmak _aFRENCH LANGUAGE |
| 650 | 0 | 7 |
_2qrmak _aDICTIONARIES |
| 942 |
_2ddc _cBK |
||
| 999 |
_c66089 _d66089 |
||